=LDR 00000nam 2200000 4500 =001 INLIS000000000035492 =005 20130612141339 =008 ***********************************ind** =035 ##$$0010-061300000035492 =041 ##$$a ind =082 ##$$a 813 =090 ##$$a 813, Shi d =100 ##$$a El Shirazy, Habiburrahman =245 ##$$a Di atas sajadah cinta/ Habiburrahman El Shirazy; Editor, Ahmad Mujib =260 ##$$a 2008 $b Jakarta =300 ##$$a 263 hlm., 22 cm =650 ##$$a Fiksi Indonesia =700 ##$$a Mujib, Ahmad =850 ##$$a NBPNMAT